000 01334nam a22003617a 4500
003 CHAP
005 20220329140210.0
008 971013s1977 r 00010 d
010 _a48450
011 _a49422
035 _a53570
040 _cCHAP
090 _aTesis
100 0 0 _aRiestra Díaz, David.
_997406
245 _aAnálisis prelimiar de la eficiencia del uso del agua en el cultivo de la caña de azúcar en el Distrito de Riego No. 35, La Antigua y Actopan, Ver.
260 _aChapingo, Méx. :
_bEl autor,
_c1977
300 _a162 g.
_b; gráfs.
502 _aTesis (M. C. Esp. en Riego y Drenaje) -- ENA. Colegio de Postgraduados. Rama de Riego y Drenaje
590 _aALEPH
_b10
_c20130110
_lUCH01
_h1319
590 _aBATCH-UPD
_b10
_c20130110
_lUCH01
_h1324
590 _aBATCH-UPD
_b10
_c20130410
_lUCH01
_h0832
590 _aBATCH-UPD
_b10
_c20130914
_lUCH01
_h0836
590 _aCONVERSION
_b10
_c20130109
_lUCH01
_h1326
650 1 4 _aAgua para irrigacion.
_92430
650 1 4 _aCaña de azúcar
_xIrrigación.
_918618
650 1 4 _aCaña de azúcar
_zVeracruz.
_918672
650 1 4 _aDistrito de Riego La Antigua, Ver.
_932895
901 _aBK
942 _cFOLL
949 _bBC
_cTES
_d-118694
_eTS1
_i53570
_si
949 _bBC
_cTES
_d-118695
_eTS2
_fc.2
_i53570
_si
949 _bBC
_cTES
_d-118696
_eTS2
_fc.3
_i53570
_si
999 _c48450
_d48450